US Lecce Squad 2019-2020 - Statistics

General Stats
  • This quiz has been taken 14 times
  • The average score is 14 of 36
Answer Stats
# Position Nation Player % Correct
9 FW Peru Gianluca Lapadula
85%
10 FW Italy Filippo Falco
77%
21 GK Brazil Gabriel
77%
72 MF Czech Republic Antonín Barák
69%
30 FW Senegal Khouma Babacar
69%
8 MF Italy Marco Mancosu
69%
5 DF Italy Fabio Lucioni
54%
- Coach Italy Fabio Liverani
46%
85 MF DR Congo Giannelli Imbula
46%
7 DF Italy Giulio Donati
46%
77 MF Greece Panagiotis Tachtsidis
46%
18 MF Italy Riccardo Saponara
46%
11 MF Ukraine Yevgen Shakhov
46%
37 MF Slovenia Žan Majer
46%
14 MF Italy Alessandro Deiola
38%
3 DF Colombia Brayan Vera
38%
13 DF Italy Luca Rossettini
38%
22 GK Italy Mauro Vigorito
38%
19 FW Italy Andrea La Mantia
31%
29 DF Italy Andrea Rispoli
31%
25 DF Italy Antonino Gallo
31%
16 DF Italy Biagio Meccariello
31%
17 FW Brazil Diego Farias
31%
20 FW Lithuania Edgaras Dubickas
31%
4 MF Italy Jacopo Petriccione
31%
27 DF Italy Marco Calderoni
31%
6 DF Argentina Nehuén Paz
31%
6 DF Romania Romario Benzar
31%
95 GK Italy Marco Bleve
23%
23 MF Italy Andrea Tabanelli
15%
39 DF Italy Cristian Dell'Orco
15%
2 DF Italy Davide Riccardi
15%
32 MF Italy Simone Lo Faso
15%
14 DF Croatia Luka Dumančić
8%
28 DF Italy Riccardo Fiamozzi
8%
97 GK Italy Gianmarco Chironi
0%
No matching quizzes found
Score Distribution
Percent of People with Each Score
Percentile by Number Answered
Your Score History
You have not taken this quiz